Catálogo
 En Linea

La infancia y el SIDA : (Registro nro. 38021)

Detalles MARC
000 -CABECERA
campo de control de longitud fija 01397nam a2200181 a 4500
001 - NÚMERO DE CONTROL
campo de control 000038531
005 - FECHA Y HORA DE LA ÚLTIMA TRANSACCIÓN
campo de control 20210420113210.0
008 - DATOS DE LONGITUD FIJA--INFORMACIÓN GENERAL
campo de control de longitud fija 130412s2009 xxuacd 000 0 spa d
020 ## - NÚMERO INTERNACIONAL ESTÁNDAR DEL LIBRO
Número Internacional Estándar del Libro 9789280644760
040 ## - FUENTE DE LA CATALOGACIÓN
Centro catalogador/agencia de origen DO-SdBNP
Lengua de catalogación spa
Centro/agencia transcriptor BNPHU
110 ## - ENTRADA PRINCIPAL--NOMBRE DE ENTIDAD CORPORATIVA
Nombre de entidad corporativa o nombre de jurisdicción como elemento de entrada Fondo de las Naciones Unidas para la Infancia
9 (RLIN) 9270
245 13 - MENCIÓN DE TÍTULO
Título La infancia y el SIDA :
Resto del título cuarto inventario de la situación, 2009 /.
246 10 - FORMA VARIANTE DE TÍTULO
Título propio/Titulo breve Cuarto inventario de la situación, 2009.
260 ## - PUBLICACIÓN, DISTRIBUCIÓN, ETC.
Lugar de publicación, distribución, etc. New York :
Nombre del editor, distribuidor, etc. Fondo de las Naciones Unidas para la Infancia,
Fecha de publicación, distribución, etc. 2009.
300 ## - DESCRIPCIÓN FÍSICA
Extensión 52 p. :
Otras características físicas il. ;
Dimensiones 30 cm.
500 ## - NOTA GENERAL
Nota general Texto a dos columnas
505 0# - NOTA DE CONTENIDO CON FORMATO
Título Introducción --
-- Prevención de la transmisión de madre a hijo --
-- Tratamiento y atención pediátrica --
-- Prevenir la infección entre los adolescentes y los jóvenes --
-- Protección, atención y apoyo para los niños y niñas afectados por el VIH y el SIDA --
-- Supervisión y evaluación de programas --
-- Inversión : lo que necesitan las mujeres y la infancia --
-- Llamamiento a la acción --
-- Referencias --
-- Anexo : notas sobre los datos --
-- Objetivo 1. Prevenir la transmisión de madre a hijo en los países de bajos y mediados ingresos --
-- Objetivo 2. Tratamiento pediátrico en los países de bajos y medianos ingresos --
-- Objetivo 3. Prevenir la infección entre los adolescentes y los jóvenes--
-- Objetivo 4. Proteges y apoyar a los niños afectados por el VIH y el SIDA --
Existencias
Estado de retiro Estado de pérdida Restricciones de uso No para préstamo Código de colección Localización permanente Ubicación/localización actual Ubicación en estantería Fecha de adquisición Número de inventario Total de préstamos Signatura topográfica completa Código de barras Fecha visto por última vez Precio válido a partir de Tipo de ítem Koha Número de copia
      Excluido de préstamo Monografías: Libros y Folletos Patrimonio Dominicano Patrimonio Dominicano En catalogación 12.04.2013 LF1   38531-10 25.06.2020 25.06.2020 No se presta  
      Excluido de préstamo Monografías: Libros y Folletos Patrimonio Dominicano Patrimonio Dominicano En catalogación 29.05.2019 LF1   38531-20 25.06.2020 25.06.2020 No se presta e. 2

Con tecnología Koha